000 004250000a22001690004500
003 MACL
005 20151231144847.0
008 151231b xxu||||| |||| 00| 0 eng d
040 _aMACL
_cMACL
041 _aEnglish
082 _a330.954/JAI
100 _aJain, P C
_917138
245 _aIndustrial Problems of India
260 _bKitabistan
_c1944
_aAllahabad
650 _aEconomics
_925775
942 _cBK
_k330.954/JAI
_2ddc
999 _c38833
_d38833